Online
Catalog

Optimización de la fertilización mineral en cultivos de regadío de República Dominicana : (Record no. 13693)

MARC details
000 -CABECERA
campo de control de longitud fija 01725nam a2200277 a 4500
001 - NÚMERO DE CONTROL
campo de control 000014091
005 - FECHA Y HORA DE LA ÚLTIMA TRANSACCIÓN
campo de control 20200929163453.0
008 - DATOS DE LONGITUD FIJA--INFORMACIÓN GENERAL
campo de control de longitud fija 091204s2009 dr abd 001 0 spa d
020 ## - NÚMERO INTERNACIONAL ESTÁNDAR DEL LIBRO
Número Internacional Estándar del Libro 9788461339907
040 ## - FUENTE DE LA CATALOGACIÓN
Centro catalogador/agencia de origen DO-SdBNP
Lengua de catalogación spa
Centro/agencia transcriptor BNPHU
082 ## - NÚMERO DE LA CLASIFICACIÓN DECIMAL DEWEY
Número de clasificación 338.162
Número de documento/Ítem S586p
100 1# - ENTRADA PRINCIPAL--NOMBRE DE PERSONA
Nombre de persona Silva Guzmán, Henry
9 (RLIN) 31897
245 10 - MENCIÓN DE TÍTULO
Título Optimización de la fertilización mineral en cultivos de regadío de República Dominicana :
Resto del título estudio económico y fitotécnico de la fertilización mineral en las Juntas de Regentes de Pedernales, Baiguá, Las Matas de Santa Cruz y Esperanza /
Mención de responsabilidad, etc. Henry Silva Guzmán, Fernando González Andrés y Beatriz Urbano López de Meneses.
260 ## - PUBLICACIÓN, DISTRIBUCIÓN, ETC.
Lugar de publicación, distribución, etc. Santo Domingo :
Nombre del editor, distribuidor, etc. AECID-RD,
Fecha de publicación, distribución, etc. 2009.
300 ## - DESCRIPCIÓN FÍSICA
Extensión 119 p. :
Otras características físicas il., mapas, retrs., tablas ;
Dimensiones 23 cm.
502 ## - NOTA DE TESIS
Nota de tesis Tesis (Doctorado) Universidad de Valladolid, España.
504 ## - NOTA DE BIBLIOGRAFÍA, ETC.
Nota de bibliografía, etc. Bibliografía: p. 117-119.
505 0# - NOTA DE CONTENIDO CON FORMATO
Información miscelánea Introducción --
Título Antecedentes --
-- Métodos de investigación utilizados --
-- Análisis de la variabilidad edafológica interzonal e intrazonal --
-- Determinación e implementación por cultivos, de las necesidades de nutrientes a cubrir mediante fertilización mineral, según el grupo agrológico de pertenencia --
-- Costes de la fertilización actual frente a la recomendada, utilizando los productos que existen actualmente en el mercado --
Información miscelánea Bibliografía.
590 ## - NOTA LOCAL (RLIN)
Nota local Inventariado,2018/DG
650 #4 - PUNTO DE ACCESO ADICIONAL DE MATERIA--TÉRMINO DE MATERIA
Término de materia o nombre geográfico como elemento de entrada Nutrición de cultivos
Subdivisión general Investigaciones
9 (RLIN) 31898
650 #4 - PUNTO DE ACCESO ADICIONAL DE MATERIA--TÉRMINO DE MATERIA
Término de materia o nombre geográfico como elemento de entrada Mineralización de nutrientes
9 (RLIN) 31899
650 #4 - PUNTO DE ACCESO ADICIONAL DE MATERIA--TÉRMINO DE MATERIA
Término de materia o nombre geográfico como elemento de entrada Cultivos de regadío
Subdivisión geográfica República Dominicana
9 (RLIN) 31900
700 1# - PUNTO DE ACCESO ADICIONAL--NOMBRE DE PERSONA
Nombre de persona González Andrés, Fernando
9 (RLIN) 31901
700 1# - PUNTO DE ACCESO ADICIONAL--NOMBRE DE PERSONA
Nombre de persona Urbano López de Meneses, Beatriz
9 (RLIN) 31902
910 ## - DATOS DE OPCIÓN DEL USUARIO (OCLC)
Datos de opción del usuario Validado. Control de calidad EMS
Holdings
Estado de retiro Estado de pérdida Restricciones de uso No para préstamo Código de colección Localización permanente Ubicación/localización actual Ubicación en estantería Fecha de adquisición Número de inventario Total de préstamos Signatura topográfica completa Código de barras Fecha visto por última vez Número de copia Precio válido a partir de Tipo de ítem Koha
        Dominicana de Servicio General General Depósito 04.12.2009 LF1   338.162 S586p 14091-30 25.06.2020 e. 3 25.06.2020 Libro y Folleto Colección Dominicana de Servicio
      Excluido de préstamo Patrimonio Dominicano Patrimonio Dominicano Patrimonio Dominicano Depósito 04.12.2009 LF1   338.162 S586p 14091-10 25.06.2020   25.06.2020 Libro y Folleto Colección Patrimonio Dominicano
      Excluido de préstamo Patrimonio Dominicano Patrimonio Dominicano Patrimonio Dominicano Depósito 04.12.2009 LF1   338.162 S586p 14091-20 25.06.2020 e. 2 25.06.2020 Libro y Folleto Colección Patrimonio Dominicano

Powered by Koha